Meet me at the Seaside Cottages / Jenny Colgan.
Available copies
- 0 of 2 copies available at LARL/NWRL Consortium.
- 0 of 2 copies available at Lake Agassiz Regional Library. (Show preferred library)
Current holds
2 current holds with 2 total copies.
Show Only Available Copies
| Location | Call Number / Copy Notes | Barcode | Shelving Location | Status | Due Date |
|---|---|---|---|---|---|
| Detroit Lakes Public Library | COL (Text) | 33500014420491 | New | Checked out | 07/17/2026 |
| Fosston Public Library | COL (Text) | 33500014420509 | New | Checked out | 07/21/2026 |
Record details
- ISBN: 9780063437432
- ISBN: 0063437430
- ISBN: 9780063497115
- ISBN: 0063497115
- Physical Description: 344 pages ; 21 cm
- Edition: First edition.
- Publisher: New York : Avon Books, an imprint of HarperCollins Publishers, 2026.
- Copyright: ©2025
Content descriptions
| General Note: | "First William Morrow paperback edition published 2026"--Title page verso. Originally published in the United Kingdom in 2025 by Hodder & Straughton LImited, a Hachette UK ... Read More |
| Summary, etc.: | "Janey Munroe has a lot to be grateful for: a ... Read More |
Search for related items by subject
| Genre: | Romance fiction. Fiction. Novels. |
Search for related items by series
| LDR | 04268cam a22008178i 4500 | ||
|---|---|---|---|
| 001 | 482483 | ||
| 003 | LARL_NWRL_CONSORTIUM | ||
| 005 | 20260623151602.0 | ||
| 008 | 260328t20262025nyu e 000 1 eng | ||
| 007 | t| | ||
| 010 | . | ‡a 2025048979 | |
| 040 | . | ‡aDLC ‡beng ‡erda ‡cDLC ‡dYDX ‡dOCLCO ‡dTOH ‡dCHILD ‡dOCLCO ‡dGL4 ‡dOCLCO ‡dZGW ‡dIMT | |
| 019 | . | ‡a1538491951 | |
| 020 | . | ‡a9780063437432 ‡q(trade paperback) | |
| 020 | . | ‡a0063437430 ‡q(trade paperback) | |
| 020 | . | ‡a9780063497115 ‡q(hardcover) | |
| 020 | . | ‡a0063497115 ‡q(hardcover) | |
| 035 | . | ‡a(OCoLC)1538481513 ‡z(OCoLC)1538491951 | |
| 042 | . | ‡apcc | |
| 082 | 1 | 4. | ‡a823/.914 ‡223 |
| 100 | 1 | . | ‡aColgan, Jenny, ‡eauthor. ‡1https://id.oclc.org/worldcat/entity/E39PBJjd8TKf9mCBxp9JyYHXBP ‡0(LARL_NWRL_CONSORTIUM)43533 |
| 245 | 1 | 0. | ‡aMeet me at the Seaside Cottages / ‡cJenny Colgan. |
| 250 | . | ‡aFirst edition. | |
| 264 | 1. | ‡aNew York : ‡bAvon Books, an imprint of HarperCollins Publishers, ‡c2026. | |
| 264 | 4. | ‡c©2025 | |
| 300 | . | ‡a344 pages ; ‡c21 cm | |
| 334 | . | ‡asingle unit ‡bmono ‡0http://id.loc.gov/vocabulary/issuance/mono | |
| 336 | . | ‡atext ‡btxt ‡2rdacontent ‡0http://id.loc.gov/vocabulary/contentTypes/txt | |
| 337 | . | ‡aunmediated ‡bn ‡2rdamedia ‡0http://id.loc.gov/vocabulary/mediaTypes/n | |
| 338 | . | ‡avolume ‡bnc ‡2rdacarrier ‡0http://id.loc.gov/vocabulary/carriers/nc | |
| 490 | 0 | . | ‡aMure ; ‡v6 |
| 500 | . | ‡a"First William Morrow paperback edition published 2026"--Title page verso. | |
| 500 | . | ‡aOriginally published in the United Kingdom in 2025 by Hodder & Straughton LImited, a Hachette UK company"--Title page verso. | |
| 520 | . | ‡a"Janey Munroe has a lot to be grateful for: a seaside home in the Scottish isles, a job that she loves, two kids who have successfully launched, and a network of supportive friends. But since her husband left, her confidence has taken a nosedive. Then out of the blue, her thirty-year-old daughter, Essie, announces she's lost her job and is moving back home. No sooner is Essie back under her mother's roof than an unusual opportunity pops up: the shabby and unloved Seaside Cottages next door come up for sale. Essie needs something to do, and they could both use a little Airbnb income to warm their pockets. Mother and daughter slowly bond over the shared challenge, which delivers some much-needed revelations for Essie, and offers Janey a surprise second chance at love as well"-- ‡cBack cover. | |
| 650 | 0. | ‡aDivorced women ‡vFiction. ‡0(LARL_NWRL_CONSORTIUM)164537 | |
| 650 | 0. | ‡aMothers and daughters ‡vFiction. ‡0(LARL_NWRL_CONSORTIUM)166030 | |
| 650 | 0. | ‡aAudiologists ‡vFiction. | |
| 650 | 0. | ‡aLife change events ‡vFiction. ‡0(LARL_NWRL_CONSORTIUM)165934 | |
| 650 | 0. | ‡aHomecoming ‡vFiction. | |
| 650 | 0. | ‡aDating (Social customs) ‡vFiction. ‡0(LARL_NWRL_CONSORTIUM)164536 | |
| 650 | 0. | ‡aDwellings ‡xRemodeling ‡vFiction. ‡0(LARL_NWRL_CONSORTIUM)172039 | |
| 650 | 0. | ‡aCottages ‡vFiction. | |
| 650 | 0. | ‡aMan-woman relationships ‡vFiction. ‡0(LARL_NWRL_CONSORTIUM)165985 | |
| 650 | 0. | ‡aIslands ‡zScotland ‡vFiction. | |
| 651 | 0. | ‡aScotland ‡vFiction. ‡0(LARL_NWRL_CONSORTIUM)167208 | |
| 650 | 7. | ‡aFICTION / Family Life / Parenthood & Children. ‡2bisacsh | |
| 650 | 7. | ‡aFamilies ‡vFiction. ‡2sears ‡0(LARL_NWRL_CONSORTIUM)164942 | |
| 650 | 7. | ‡aMother-daughter relationships ‡vFiction. ‡2sears | |
| 651 | 7. | ‡aIslands ‡zScotland ‡vFiction. ‡2sears | |
| 655 | 7. | ‡aRomance fiction. ‡2lcgft | |
| 655 | 7. | ‡aFiction. ‡2lcgft | |
| 655 | 7. | ‡aNovels. ‡2lcgft | |
| 758 | . | ‡1http://id.loc.gov/resources/instances/in00024520293 | |
| 758 | . | ‡4http://id.loc.gov/ontologies/bibframe/instanceOf ‡1http://id.loc.gov/resources/works/in00024520293 | |
| 884 | . | ‡aDLC bibframe2marc v3.1-dev ‡g20260328 ‡qDLC ‡uhttps://github.com/lcnetdev/bibframe2marc/tree/v3.1-dev | |
| 901 | . | ‡a482483 ‡bOCoLC ‡c482483 ‡tbiblio ‡soclc | |

Add to basket
Permalink
Disable Highlighting